000 00653nam a22002057a 4500
999 _c4934
_d4934
003 AR-CdUCM
008 190311b ||||| |||| 00| 0 spa d
040 _aMUNICIPALIDAD PROVINCIAL DEL CUSCO
_cBIBLIOTECA MUNICIPAL DEL CUSCO
082 _a868.43 /
_bM84
100 _aMontes de Oca, Marco Antonio
_915135
245 _aDelante de a luz cantan los pájaros /
260 _aMéxico :
_bFondo de Cultura económica,
_c1959.
300 _a120 páginas ;
_c17.5 cm.
440 _aLetras mexicanas
_n50
_915136
500 _aDonación familia Nieto
650 _aLiteratura mexicana
_92532
650 _aSiglo XX
_98
942 _2ddc
_cLIBROS
945 _aafb